000 00386nam a2200157Ia 4500
008 210716s2004 xx 000 0 und d
020 _a8178667959
041 _aeng
082 _a658.81 JHAS
100 _aJha, S M.
245 _aMarketing non profit organisations.
250 _a1
260 _aNew Delhi
_bHimalaya Publishing House
_c2004
300 _a468
650 _aMarketing
999 _c199758
_d199758